Vypĺňame daňové priznanie právnických osôb Informačná pomôcka
Guardado en:
| Formato: | Libro |
|---|---|
| Lenguaje: | eslovaco |
| Publicado: |
Bratislava
TAX
1994
|
| Edición: | 1. vyd. |
| Materias: | |
| Etiquetas: |
Sin Etiquetas, Sea el primero en etiquetar este registro!
|
MARC
| LEADER | 00000nam a2200000 4500 | ||
|---|---|---|---|
| 001 | c005172 | ||
| 005 | 20221128074407.9 | ||
| 020 | |a 80-88703-09-3 | ||
| 041 | 0 | |a slo | |
| 044 | |a SK | ||
| 245 | 1 | 0 | |a Vypĺňame daňové priznanie právnických osôb |b Informačná pomôcka |
| 250 | |a 1. vyd. | ||
| 264 | 1 | |a Bratislava |b TAX |c 1994 | |
| 300 | |a 92 s. | ||
| 610 | 2 | 0 | |a dane |
| 610 | 2 | 0 | |a priznania daňové |
| 610 | 2 | 0 | |a osoby právnické |